[Event "Madonna di Campiglio"]
[Site "Madonna di Campiglio"]
[Date "1974.??.??"]
[Round "7"]
[White "Micheli, Carlo"]
[Black "Hort, Vlastimil"]
[Result "0-1"]
[WhiteElo "2315"]
[BlackElo "2590"]

1.e4 c5 2.Nf3 Nc6 3.Bb5 g6 4.O-O Bg7 5.Re1 e5 6.Bxc6 dxc6 7.d3 Qe7 8.a4 Nh6
9.Na3 O-O 10.h3 f6 11.Be3 Nf7 12.Nd2 Nd8 13.Ndc4 Ne6 14.Qd2 Rd8 15.Rab1 b6
16.b4 cxb4 17.Rxb4 Bd7 18.Rb2 Nc5 19.Qb4 Bf8 20.Bxc5 Qxc5 21.Qxc5 Bxc5 22.Nb1 Bd4
23.Rb3 b5 24.axb5 cxb5 25.Ne3 a5 26.Nd5 a4 27.Ra3 Kf7 28.c3 Bc5 29.Ra1 Bc6
30.c4 b4 31.Nd2 Rdb8 32.Reb1 Ra7 33.Nf3 b3 34.Nc3 b2 35.Ra2 Rb3 36.Nd1 a3
37.Ne1 Rd7 38.Kf1 Bxe4 39.dxe4 Rxd1 40.Rxd1 b1=Q 41.Rxb1 Rxb1  0-1

[Event "FRG-ch"]
[Site "Menden"]
[Date "1974.??.??"]
[Round "?"]
[White "Hund, Gerhard"]
[Black "Mubedi, Mir Dhjan"]
[Result "1/2-1/2"]
[WhiteElo "2200"]
[BlackElo "2200"]

1.e4 c5 2.Nf3 Nc6 3.Bb5 g6 4.O-O Bg7 5.Re1 e6 6.c3 Nge7 7.d3 O-O 8.Bg5 f6
9.Be3 d6 10.Qe2 a6 11.Ba4 b5 12.Bb3 Kh8 13.Nbd2 Rb8 14.d4 c4 15.Bc2 Qc7 16.Bf4 e5
17.dxe5 dxe5 18.Bg3 Nd8 19.Rac1 Bh6 20.Rcd1 Be6 21.Nf1 Nb7 22.Ne3 Bxe3 23.Qxe3 g5
24.Nxe5 fxe5 25.Qxg5 Ng6 26.Rd5 Rf4 27.Rxe5 Qxe5 28.Qxe5+ Nxe5 29.Bxf4 Nc6
30.Bxb8 Nxb8 31.f4 Nc5 32.Rd1 Kg7 33.Kf2 a5 34.f5 Bg8 35.Ke3 Nbd7 36.Kf4 b4
37.cxb4 axb4 38.e5 Nb6 39.e6 b3 40.axb3 cxb3 41.Bxb3 Nxb3 42.Rd7+ Kf6 43.Rd8 Bxe6
44.fxe6 Kxe6 45.Kg5 Nd7 46.h4 Nbc5 47.b4 Ne4+ 48.Kh6 Ndf6 49.b5 Ng3 50.b6 Nf5+
51.Kg5 h6+ 52.Kg6 Nxh4+ 53.Kxh6 Nf5+ 54.Kg5 Ne4+ 55.Kf4 Ned6 56.g4 Ne7 57.Rb8 Kd7
58.g5 Kc6 59.Ke5 Kd7 60.Ra8 Nc4+ 61.Kf6 Nd5+ 62.Kf7 Ndxb6 63.Ra7+ Kd6 64.Ra6 Kd7
65.Kf8 Kd8 66.Kg8 Nd5 67.Ra8+ Kd7 68.Kh7 Ne5 69.Rf8 Nc7 70.Rf1 Ne6 71.g6 Nxg6
72.Kxg6 Kd6 73.Kf6 Nd4 74.Ra1  1/2-1/2

[Event "FRG-ch"]
[Site "Menden"]
[Date "1974.??.??"]
[Round "?"]
[White "Ackermann, Hans Werner"]
[Black "Kunsztowicz, Uwe"]
[Result "0-1"]
[WhiteElo "2200"]
[BlackElo "2440"]

1.e4 c5 2.Nf3 Nc6 3.Bb5 g6 4.O-O Bg7 5.Re1 Nf6 6.c3 O-O 7.Na3 d6 8.h3 Bd7
9.d4 a6 10.Bf1 e5 11.dxc5 dxc5 12.Nc4 Nh5 13.Bg5 Qc7 14.Qd6 Qxd6 15.Nxd6 b6
16.Rad1 Be6 17.Bc4 Bxc4 18.Nxc4 Rab8 19.Rd7 f6 20.Be3 Rfc8 21.Red1 Bf8 22.g4 Ng7
23.g5 Ne8 24.Bc1 Be7 25.Ne3 Rd8 26.Rxd8 Rxd8 27.Rxd8 Bxd8 28.Nd5 f5 29.exf5 gxf5
30.h4 Kf7 31.Ne3 Ke6 32.b3 Ng7 33.Nc4 b5 34.Nb2 e4 35.Ne1 Ne5 36.Be3 Be7
37.a4 Ng6 38.axb5 axb5 39.Ng2 Nh5 40.c4 f4 41.Bc1 f3 42.Ne3 Nhf4 43.Kf1 Ne2
44.Bd2 bxc4 45.bxc4 Nxh4 46.Nd5 Ng6 47.Be3 Nd4 48.Na4 Nb3 49.Nac3 Kf5 50.Nf6 Bxf6
51.gxf6 Ne5 52.Kg1 h5 53.Kh2 Kxf6 54.Nxe4+ Kf5 55.Ng3+ Kg4 56.Ne4 Nxc4 57.Bxc5 Kf4
58.Nf6 Nxc5 59.Nxh5+ Kg4 60.Nf6+ Kf5 61.Nd5 Ne4 62.Nb4 Ne5 63.Nc2 Ng4+ 64.Kg1 Nc3
65.Nd4+ Ke4 66.Nxf3 Kxf3 67.Kf1 Ne5 68.Ke1 Nc4 69.Kf1 Ne4 70.Ke1 Nb2 71.Kf1 Nd3
72.Kg1 Nd2 73.Kh2 Nf4 74.Kh1 Kg4 75.Kh2 Kf3 76.Kh1 Ne4 77.Kg1 Nf6 78.Kf1 Nd3
79.Kg1 Nh5 80.Kf1 Nhf4 81.Kg1 Kg4 82.Kh2 Kh4 83.Kh1 Kh3 84.Kg1 Ng2 85.f4 Kg3
86.f5 Ne5 87.f6  0-1

[Event "FRG-ch"]
[Site "Menden"]
[Date "1974.??.??"]
[Round "?"]
[White "Ackermann, Hans Werner"]
[Black "Mubedi, Mir Dhjan"]
[Result "1-0"]
[WhiteElo "2200"]
[BlackElo "2200"]

1.e4 c5 2.Nf3 Nc6 3.Bb5 g6 4.O-O Bg7 5.Re1 a6 6.Bf1 d6 7.h3 e6 8.c3 Nge7
9.Na3 d5 10.d3 O-O 11.Bg5 h6 12.exd5 exd5 13.Bxe7 Nxe7 14.d4 c4 15.Nc2 g5
16.Qd2 Ng6 17.g3 Bf5 18.Ne3 Be4 19.Nh2 Qc7 20.Nxc4 f5 21.Ne5 Bxe5 22.dxe5 Nxe5
23.Bg2 Nd3 24.Re3 Ne5 25.Re2 Bxg2 26.Kxg2 Rad8 27.Rae1 Nc6 28.Nf3 Qg7 29.Re6 Rd7
30.Ne5 Nxe5 31.R1xe5 Rfd8 32.Qd4 Rd6 33.Re7 Qg6 34.Rxb7 Qf6 35.Rxf5 Qxd4
36.cxd4 Rc6 37.Rb4 Kg7 38.b3 Rc2 39.Ra4 Rd2 40.g4 Rd6 41.a3 Kg6 42.Kg3 h5
43.Kg2 h4 44.Rb4 Kh6 45.a4 a5 46.Rb5 Rxd4 47.Rxa5 Rb4 48.Raxd5 Rxd5 49.Rxd5 Rxb3
50.a5 Ra3 51.Rd6+ Kg7 52.a6 Kf7 53.Rb6 Kg7 54.Rb7+ Kh6 55.a7 Kg6 56.Kf1 Ra2
57.Ke1  1-0

[Event "FRG-ch"]
[Site "Menden"]
[Date "1974.??.??"]
[Round "?"]
[White "Lieb, Harald"]
[Black "Rosen, Willy"]
[Result "1-0"]
[WhiteElo "2200"]
[BlackElo "2200"]

1.e4 c5 2.Nf3 Nc6 3.Bb5 a6 4.Bxc6 bxc6 5.O-O d6 6.Re1 e5 7.c3 Nf6 8.d4 cxd4
9.cxd4 Qc7 10.Qc2 Bg4 11.dxe5 dxe5 12.Nxe5 Bb4 13.Nd2 Rc8 14.Nxg4 Nxg4 15.e5 Rd8
16.Re4 O-O 17.Rxb4 Qxe5 18.Nf1  1-0

[Event "FRG-ch"]
[Site "Menden"]
[Date "1974.??.??"]
[Round "?"]
[White "Lieb, Harald"]
[Black "Kunsztowicz, Uwe"]
[Result "0-1"]
[WhiteElo "2200"]
[BlackElo "2440"]

1.e4 c5 2.Nf3 Nc6 3.Bb5 g6 4.O-O Bg7 5.Re1 Nf6 6.c3 O-O 7.d4 cxd4 8.cxd4 d5
9.e5 Ne4 10.Nc3 Nxc3 11.bxc3 Na5 12.Bg5 Bf5 13.Nh4 Bd7 14.Bd3 f6 15.Bf4 fxe5
16.Bxe5 Bxe5 17.dxe5 Rf4 18.g3 Ra4 19.e6 Be8 20.Re5 Qc7 21.Rg5 Qxc3 22.Bxg6 hxg6
23.Nxg6 Qf6 24.Qh5 Qxa1+ 25.Kg2 Qf6 26.Ne5+ Kf8 27.Nd7+ Bxd7 28.exd7 Nc6
29.Rf5 Rd8 30.Qg6 Rxd7 31.h4 Ne5 32.Rxf6+ exf6 33.Qxf6+ Nf7 34.h5 Rd6 35.Qf5 d4
36.g4 b6 37.Qc2 Ra5 38.f4 d3 39.Qd1  0-1

[Event "FRG-ch"]
[Site "Menden"]
[Date "1974.??.??"]
[Round "?"]
[White "Reichenbach, Werner"]
[Black "Mubedi, Mir Dhjan"]
[Result "1-0"]
[WhiteElo "2200"]
[BlackElo "2200"]

1.e4 c5 2.Nf3 Nc6 3.Bb5 g6 4.O-O Bg7 5.c3 e5 6.d3 Qb6 7.Na3 a6 8.Ba4 Qc7
9.Bb3 b5 10.Ng5 Nh6 11.f4 f6 12.Nh3 Bb7 13.fxe5 Nxe5 14.Nf4 c4 15.dxc4 bxc4
16.Bc2 O-O 17.Nd5 Qd6 18.Ne3 Qe6 19.Naxc4 Nxc4 20.Nxc4 Bxe4 21.Bxe4 Qxe4
22.Nd6 Qc6 23.Bxh6 Bxh6 24.Re1 Rab8 25.b4 Kh8 26.Qd4 Bg7 27.Re7 h5 28.Rd1 Qa4
29.Rde1 Qxa2 30.Rxd7 Rg8 31.h3 f5 32.Rxg7 Rxg7 33.Re7 Rg8 34.Ne8 Qb1+ 35.Kh2 Qc1
36.Nxg7  1-0

[Event "FRG-ch"]
[Site "Menden"]
[Date "1974.??.??"]
[Round "?"]
[White "Ostermeyer, Peter"]
[Black "Freise, Helmut"]
[Result "1/2-1/2"]
[WhiteElo "2200"]
[BlackElo "2200"]

1.e4 c5 2.Nf3 Nc6 3.Bb5 g6 4.Bxc6 dxc6 5.O-O Nf6 6.d3 Bg7 7.Nbd2 O-O 8.a4 b6
9.a5 Ba6 10.Qe2 Ne8 11.Re1 Nc7 12.Nc4 Ne6 13.h3 Qc7 14.e5 Rfd8 15.axb6 axb6
16.Bd2 Bxc4 17.dxc4 Qb7 18.c3 Rd7 19.Qe4 Rxa1 20.Rxa1 Rd8 21.Be3 Ra8 22.Rd1 Qc7
23.g3 Ra2 24.Rd2 h6 25.h4 h5 26.Kg2 Ra1 27.Bf4 Ra8 28.Re2 Rd8 29.Bd2 Qd7
30.Re1 Re8 31.Be3  1/2-1/2

[Event "FRG-ch"]
[Site "Menden"]
[Date "1974.??.??"]
[Round "?"]
[White "Giesen, Dieter"]
[Black "Kuehler, Wolfgang"]
[Result "1/2-1/2"]
[WhiteElo "2200"]
[BlackElo "2200"]

1.e4 c5 2.Nf3 Nc6 3.Bb5 a6 4.Bxc6 dxc6 5.O-O Bg4 6.h3 Bh5 7.d3 Qc7 8.Re1 e5
9.Nbd2 Nf6 10.Nf1 Nd7 11.Ng3 Bg6 12.Nh4 Be7 13.Nhf5 Bxf5 14.Nxf5 Bf8 15.Rf1 g6
16.Ng3 Bd6 17.Qe2 O-O-O 18.Bd2 Nf8 19.Bg5 Re8 20.Qd2 Ne6 21.Rae1 h5 22.Be3 Rhg8
23.Ne2 Nf4 24.Kh2 f5 25.f3 Nxe2 26.Qxe2 f4 27.Bd2 g5 28.Rh1 Ref8 29.Kg1 Rg6
30.Qf2 Qe7 31.Kf1 c4 32.d4 g4 33.hxg4 hxg4 34.Ke2 Rfg8 35.Kd1 gxf3 36.gxf3 Rg2
37.Qf1 exd4 38.Qxc4 Be5 39.Bb4 Qd7 40.Kc1 R2g3  1/2-1/2

[Event "FRG-ch"]
[Site "Menden"]
[Date "1974.??.??"]
[Round "?"]
[White "Giesen, Dieter"]
[Black "Freise, Helmut"]
[Result "0-1"]
[WhiteElo "2200"]
[BlackElo "2200"]

1.e4 c5 2.Nf3 Nc6 3.Bb5 g6 4.O-O Nf6 5.Re1 Bg7 6.c3 O-O 7.d4 cxd4 8.cxd4 d5
9.e5 Ne4 10.Nc3 Nxc3 11.bxc3 Na5 12.Bg5 Bd7 13.Qa4 Bxb5 14.Qxb5 b6 15.Qb4 Nc6
16.Qb5 Qd7 17.Rab1 Rac8 18.Qe2 h6 19.Bd2 e6 20.Rec1 Na5 21.h4 Nc4 22.Bf4 Qe7
23.g3 Rc6 24.Nd2 Na3 25.Rb3 Rfc8 26.Qe3 Kh7 27.Qd3 Kg8 28.Qe3 Qf8 29.Qe2 Nc4
30.Nxc4 Rxc4 31.Qb2 Ra4 32.Kg2 Rcc4 33.Qd2 Ra5 34.Rb4 Ra4 35.Rcb1 h5 36.Rxa4 Rxa4
37.Rb4 Qe8 38.Qc2 Ra3 39.Qb2 Ra5 40.Bd2 Bf8 41.Rb3 Qa4 42.c4 dxc4 43.Rf3 Rd5
44.Bc3 b5 45.Qe2 Qa6 46.Qd2 Qb7 47.Qf4 b4 48.Bb2 Qd7 49.g4 hxg4 50.Qxg4 c3
51.Bc1 Rxd4 52.Qg3 Rd1 53.Qf4 Rd4 54.Qg3 Qb5 55.Rf6 Bg7 56.Be3 Rd1 57.Qf3 Qd5  0-1

[Event "Nice olm prel"]
[Site "Nice"]
[Date "1974.??.??"]
[Round "1"]
[White "Sigurjonsson, Gudmundur"]
[Black "Kroon, Piet"]
[Result "0-1"]
[WhiteElo "2480"]
[BlackElo "2200"]

1.e4 c5 2.Nf3 Nc6 3.Bb5 g6 4.O-O Bg7 5.Re1 e5 6.b4 Nxb4 7.c3 Nc6 8.d4 exd4
9.e5 Nge7 10.cxd4 cxd4 11.Ba3 O-O 12.Nbd2 a6 13.Bd3 b5 14.Bd6 Re8 15.a4 Bb7
16.Qb3 Na5 17.Qa3 Bxf3 18.Nxf3 Nc4 19.Bxc4 bxc4 20.Nxd4 Nc8 21.Rac1 Nxd6
22.Qxd6 Qb8 23.Qxd7 Rxe5 24.Red1 Qd8 25.Qg4 h5 26.Qf3 Qe8 27.Nc6 Re4 28.Nd8 Ra7
29.g3 Rae7 30.Kg2 c3 31.Rd6 Kh7 32.a5 f5 33.Qd3 Qb5 34.Qxb5 axb5 35.a6 Ra4
36.Nc6 Rxa6  0-1

[Event "Nice olm prel"]
[Site "Nice"]
[Date "1974.??.??"]
[Round "2"]
[White "Kuzmin, Gennadi P"]
[Black "Rigaud, OW."]
[Result "1-0"]
[WhiteElo "2600"]
[BlackElo "2200"]

1.e4 c5 2.Nf3 Nc6 3.Bb5 a6 4.Bxc6 bxc6 5.O-O d6 6.Re1 Bg4 7.h3 Bh5 8.c3 e5
9.d4 Be7 10.dxe5 Bxf3 11.Qxf3 dxe5 12.Qg3 Bf6 13.Be3 Qe7 14.Nd2 h5 15.Rad1 Nh6
16.Nc4 h4 17.Qf3 Rd8 18.Rxd8+ Kxd8 19.Qd1+ Kc7 20.Qa4 Ra8 21.Qa5+ Kb8 22.Bxc5 Qb7
23.Bd6+  1-0

[Event "Nice olm prel"]
[Site "Nice"]
[Date "1974.??.??"]
[Round "2"]
[White "Castro Rojas, Oscar Humberto"]
[Black "De la Casa, Angel"]
[Result "1-0"]
[WhiteElo "2330"]
[BlackElo "2200"]

1.e4 c5 2.Nf3 Nc6 3.Bb5 e6 4.O-O Qc7 5.Re1 Nf6 6.e5 Nd5 7.c3 b6 8.d4 cxd4
9.cxd4 Bb7 10.Nc3 Nce7 11.Ne4 Nc6 12.a3 h6 13.b4 Be7 14.Qd3 a5 15.Bc4 axb4
16.Bxd5 exd5 17.Nd6+ Kf8 18.Qf5 Bxd6 19.exd6 Qxd6 20.Bf4 Qf6 21.Qxd7 Qxf4
22.Qxb7  1-0

[Event "Nice olm fin-A"]
[Site "Nice"]
[Date "1974.??.??"]
[Round "3"]
[White "Hutchings, Stuart J"]
[Black "Toran Albero, Roman"]
[Result "0-1"]
[WhiteElo "2310"]
[BlackElo "2420"]

1.e4 c5 2.Nf3 Nc6 3.Bb5 e6 4.Bxc6 dxc6 5.O-O Nf6 6.d3 Be7 7.b3 O-O 8.Bb2 Ne8
9.Nbd2 f6 10.Ne1 e5 11.g3 Bh3 12.Ng2 Qd7 13.f4 exf4 14.gxf4 f5 15.e5 Nc7
16.Nf3 Ne6 17.Qd2 Bxg2 18.Kxg2 Qd5 19.Kf2 Rad8 20.a4 Rf7 21.Ke2 Bf8 22.Rg1 b5
23.axb5 cxb5 24.Ng5 Nxg5 25.Rxg5 c4 26.bxc4 bxc4 27.Rg3 Rfd7 28.Rag1 Qe4+
29.Kf1 cxd3 30.e6 Qxe6 31.cxd3 Rb8 32.Qc3 Rbb7 33.Qc8 Qd6 34.Qc4+ Kh8 35.Be5 Qc5
36.Qe6 Rb1+ 37.Ke2 Qc2+ 38.Kf3 Rxd3+  0-1

[Event "Nice olm fin-B"]
[Site "Nice"]
[Date "1974.??.??"]
[Round "4"]
[White "Piasetski, Leon David"]
[Black "Wostin, Rik Hendrik"]
[Result "1-0"]
[WhiteElo "2295"]
[BlackElo "2265"]

1.e4 c5 2.Nf3 Nc6 3.Bb5 e6 4.O-O Nge7 5.Nc3 a6 6.Bxc6 Nxc6 7.d4 cxd4 8.Nxd4 Qc7
9.Re1 Be7 10.Nxc6 bxc6 11.e5 O-O 12.Bf4 f5 13.exf6 Qxf4 14.fxe7 Qxf2+ 15.Kh1 Re8
16.Ne4 Qh4 17.Nd6 Rxe7 18.Qe2 Qb4 19.Qe5 a5 20.a3 Qd2 21.c4 a4 22.Rad1 Qc2
23.Qg5 Rf7 24.Nxf7 Kxf7 25.Rf1+ Ke8 26.Qxg7  1-0

[Event "Nice olm fin-B"]
[Site "Nice"]
[Date "1974.??.??"]
[Round "4"]
[White "Asmundsson, Ingvar"]
[Black "Ulrichsen, Jarl Henning"]
[Result "0-1"]
[WhiteElo "2395"]
[BlackElo "2330"]

1.e4 c5 2.Nf3 Nc6 3.Bb5 Nd4 4.Nxd4 cxd4 5.c3 dxc3 6.Nxc3 e6 7.O-O a6 8.Be2 Ne7
9.d4 b5 10.Bf4 Ng6 11.Bg3 Bb7 12.d5 e5 13.Rc1 Bd6 14.Bh5 Qg5 15.a4 b4 16.Nb1 a5
17.Nd2 Ba6 18.Be2 Bxe2 19.Qxe2 O-O 20.Nc4 Bc5 21.d6 h5 22.Ne3 Bxe3 23.fxe3 Rfc8
24.Rxc8+ Rxc8 25.Rf5 Rc1+ 26.Kf2 Qd8 27.Qxh5 Qc8 28.Bxe5 Qc2+ 29.Kg3 Qxe4
30.Qg4 Qxe3+ 31.Qf3 Qe1+ 32.Qf2 Nxe5  0-1

[Event "Nice olm fin-A"]
[Site "Nice"]
[Date "1974.??.??"]
[Round "5"]
[White "Kinnmark, Ove"]
[Black "Pavlov, Mircea"]
[Result "1/2-1/2"]
[WhiteElo "2400"]
[BlackElo "2355"]

1.e4 c5 2.Nf3 Nc6 3.Bb5 g6 4.O-O Bg7 5.c3 e5 6.d3 Nge7 7.a3 O-O 8.b4 cxb4
9.axb4 d5 10.Bb2 h6 11.Nbd2 Be6 12.Ba4 a6 13.exd5 Bxd5 14.Re1 Be6 15.Ne4 b6
16.b5 axb5 17.Bxb5 Qc7 18.Ra4 Rfd8 19.Qa1 Ra5 20.Rxa5 Nxa5 21.Ned2 Nec6 22.Re3 Kh7
23.h3  1/2-1/2

[Event "Nice olm fin-B"]
[Site "Nice"]
[Date "1974.??.??"]
[Round "7"]
[White "Day, Lawrence A"]
[Black "Santos, Luis M"]
[Result "1-0"]
[WhiteElo "2330"]
[BlackElo "2270"]

1.e4 c5 2.Nf3 Nc6 3.Bb5 g6 4.O-O Bg7 5.Re1 Nf6 6.c3 O-O 7.a3 Qb6 8.Bc4 Ng4
9.d3 d6 10.Qc2 Be6 11.Bd5 Nce5 12.Nxe5 Nxe5 13.Bg5 Bxd5 14.exd5 h6 15.Bf4 e6
16.dxe6 fxe6 17.Bxe5 Bxe5 18.Nd2 Rf5 19.Nc4 Qc6 20.Ne3 Rg5 21.h4 Rf5 22.Nxf5 gxf5
23.f4 Bxf4 24.Rxe6 Kf7 25.Rae1 Be5 26.R1xe5  1-0

[Event "Nice olm prel"]
[Site "Nice"]
[Date "1974.??.??"]
[Round "8"]
[White "Hecht, Hans Joachim"]
[Black "Kroon, Piet"]
[Result "1/2-1/2"]
[WhiteElo "2515"]
[BlackElo "2200"]

1.e4 c5 2.Nf3 Nc6 3.Bb5 g6 4.O-O Bg7 5.Re1 e5 6.Bxc6 dxc6 7.d3 Qc7 8.Be3 b6
9.Nbd2 Nf6 10.Nc4 Nh5 11.a4 O-O 12.a5 Be6 13.Ra3 Rfd8 14.axb6 axb6 15.Qa1 Rxa3
16.Qxa3 f6 17.Ra1 Bf8 18.Qa6 Rb8 19.b4 cxb4 20.Bxb6 Qb7 21.Qxb7 Rxb7 22.Nfd2 Nf4
23.g3 Ne2+ 24.Kf1 Nc3 25.Be3 Kf7 26.Ra6 Nd1 27.Rxc6 Nxe3+ 28.Nxe3 Ra7 29.Nd5 Rd7
30.Rc7 Rxc7 31.Nxc7 Bd7 32.Ke2 Ba4 33.Nb3 f5 34.f3 Bd6 35.Nd5 Ke6 36.g4 fxg4
37.fxg4 h5 38.gxh5 gxh5 39.Ne3 Bf8 40.Nf5 Be8 41.Kf3 Bg6 42.Ne3  1/2-1/2

[Event "Nice olm fin-B"]
[Site "Nice"]
[Date "1974.??.??"]
[Round "9"]
[White "Zichichi, Alvise"]
[Black "Puhm, Alar"]
[Result "0-1"]
[WhiteElo "2355"]
[BlackElo "2300"]

1.e4 c5 2.Nf3 Nc6 3.Bb5 g6 4.O-O Bg7 5.Re1 Nf6 6.c3 O-O 7.d4 cxd4 8.cxd4 d5
9.e5 Ne4 10.Nc3 Nxc3 11.bxc3 Bd7 12.Bd3 Rc8 13.Ng5 e6 14.Qg4 h6 15.Nxf7 Rxf7
16.Qxg6 Qh4 17.g3 Qh3 18.Qh7+ Kf8 19.Bg6 Ne7 20.Ba3 Rxc3 21.Re3 Rxa3 22.Rxa3 Nxg6
23.Qxg6 a6 24.Rb1 Bc6 25.Rc1 Bb5 26.Rac3 Bc4 27.Rxc4 dxc4 28.Rxc4 Qf5 29.Qxf5 exf5
30.e6 Re7 31.d5 Be5 32.Rc8+ Re8 33.Rc2 Ke7 34.Kg2 Kd6 35.Rd2 Rc8 36.Kh3 Bf6
37.Rd3 Rc5 38.g4 f4 39.g5 hxg5 40.Kg4 Rxd5  0-1

[Event "Nice olm prel"]
[Site "Nice"]
[Date "1974.??.??"]
[Round "9"]
[White "Torre, Eugenio"]
[Black "Apol, Luitjen"]
[Result "1-0"]
[WhiteElo "2450"]
[BlackElo "2200"]

1.e4 c5 2.Nf3 Nc6 3.Bb5 d6 4.O-O Bd7 5.Re1 e6 6.c3 a6 7.Bf1 Nf6 8.d4 cxd4
9.cxd4 Be7 10.Nc3 O-O 11.Bf4 d5 12.e5 Ne8 13.Rc1 b5 14.Bd3 Qb6 15.Bb1 g6
16.h4 Ng7 17.Ne2 f5 18.exf6 Bxf6 19.Qd2 Rac8 20.Bg5 Bxg5 21.Qxg5 Qd8 22.Qh6 Nf5
23.Bxf5 gxf5 24.Nf4 Qf6 25.Qxf6 Rxf6 26.Rc3 h6 27.Rec1 Rff8 28.Nxe6 Nb4 29.Nxf8  1-0

[Event "Nice olm prel"]
[Site "Nice"]
[Date "1974.??.??"]
[Round "9"]
[White "Sax, Gyula"]
[Black "Sanz Alonso, Francisco Javier"]
[Result "1-0"]
[WhiteElo "2505"]
[BlackElo "2320"]

1.e4 c5 2.Nf3 Nc6 3.Bb5 Qb6 4.Ba4 d6 5.O-O Bd7 6.c3 Nf6 7.Re1 e5 8.d4 cxd4
9.Bxc6 Bxc6 10.cxd4 Nxe4 11.Nc3 Nxc3 12.bxc3 Be7 13.dxe5 d5 14.Nd4 Bd7 15.Qf3 Be6
16.Qg3 g6 17.Bh6 O-O-O 18.Rab1 Qa6 19.Bg5 Bxg5 20.Qxg5 Kb8 21.Rb3 Rd7 22.Qd2 Rc8
23.Reb1 h5 24.Qb2 Rc4 25.h3 Ra4 26.Qd2 Bf5 27.R1b2 b6 28.Nb5 Re4 29.Nd4 Kb7
30.f4 Qc4 31.Rb4 Qc7 32.a4 Qc5 33.Kh2 Re7 34.Nb5  1-0

[Event "Nice olm fin-B"]
[Site "Nice"]
[Date "1974.??.??"]
[Round "10"]
[White "Cordovil, Joao"]
[Black "Cosulich, Roberto"]
[Result "1-0"]
[WhiteElo "2285"]
[BlackElo "2430"]

1.e4 c5 2.Nf3 Nc6 3.Bb5 g6 4.O-O Bg7 5.c3 Nf6 6.Re1 O-O 7.d4 cxd4 8.cxd4 d5
9.e5 Ne4 10.Nc3 Nxc3 11.bxc3 Qa5 12.Qb3 Bg4 13.Nd2 Rfc8 14.h3 Bf5 15.g4 Bc2
16.Qb2 Nd8 17.Qxc2 Qxb5 18.Nb3 Qa4 19.Bg5 Rc7 20.Qd2 Ne6 21.Be3 Rac8 22.Rac1 b6
23.f4 Nd8 24.f5 Qe8 25.Re2 e6 26.f6 Bf8 27.Qe1 Ba3 28.Rcc2 Nb7 29.Bc1 Bf8
30.Bd2 Rc4 31.Qc1 Qa4 32.Bh6 Qa3 33.Qd2 Na5 34.Bxf8 Qxf8 35.Nxa5 bxa5 36.Re1 Qa3
37.Rb1 R4c7 38.Rb4 Kf8 39.Rb3 Qa4 40.Qh6+ Ke8 41.Qxh7 Kd8 42.h4 Rd7 43.Rcb2 Qc6
44.Rb8  1-0

[Event "Nice olm fin-B"]
[Site "Nice"]
[Date "1974.??.??"]
[Round "10"]
[White "Cuartas, Carlos"]
[Black "Puhm, Alar"]
[Result "1-0"]
[WhiteElo "2395"]
[BlackElo "2300"]

1.e4 c5 2.Nf3 Nc6 3.Bb5 g6 4.O-O Bg7 5.Re1 Nf6 6.e5 Ng4 7.Bxc6 dxc6 8.Nc3 O-O
9.h3 Nh6 10.Ne4 b6 11.d3 f6 12.Bf4 Nf7 13.Ng3 fxe5 14.Nxe5 Qc7 15.Nxg6 e5
16.Nxf8 exf4 17.Re8 Bxf8 18.Ne4 Kg7 19.Qd2 Qd7 20.Nf6 Qf5 21.Qxf4 Qxf6 22.Qxf6+ Kxf6
23.Rxf8 Bb7 24.Rxa8 Bxa8 25.Re1 Nd6 26.f4 Bb7 27.g4 c4 28.dxc4 Nxc4 29.b3 Na3
30.c4 c5 31.Re8 Nc2 32.Rf8+ Kg7 33.Rd8 Bc6 34.Rc8 Nd4 35.Rc7+ Kg8 36.Rxa7 Ne2+
37.Kf2 Nxf4 38.Ra6 Be4 39.Rxb6 Kf7 40.a4 Nd3+ 41.Kg3 Ke7 42.a5 Kd7 43.h4 Bc6
44.Rb8 Kc7 45.Rh8 Be4 46.Re8 Bg6 47.Re7+ Kd6 48.Re3 Nb4 49.h5 Bc2 50.Kf4 Nd3+
51.Kg5 Nb4 52.Kh6 Kc7 53.Rc3 Be4 54.g5 Kb7 55.Re3 Bc2 56.Re5 Nd3 57.Re7+ Ka6
58.Kxh7 Nf4+ 59.Kh6 Bd1 60.Re5 Kxa5 61.Rxc5+ Kb4 62.Rb5+ Kc3 63.g6  1-0

[Event "Nice olm fin-A"]
[Site "Nice"]
[Date "1974.??.??"]
[Round "14"]
[White "Calvo Minguez, Ricardo"]
[Black "Padevsky, Nikola"]
[Result "1/2-1/2"]
[WhiteElo "2460"]
[BlackElo "2480"]

1.Nf3 c5 2.e4 Nc6 3.Bb5 e6 4.Bxc6 bxc6 5.d3 d5 6.Nbd2 Nf6 7.O-O Be7 8.e5 Nd7
9.b3 f5 10.c4 O-O 11.Qe2 Rf7 12.Ne1 Nxe5 13.Qxe5 Bf6 14.Qe2 Bxa1 15.Ndf3 Bf6
16.Ne5 Rf8 17.N1f3 Qe8 18.Bf4 a5 19.a4 Ra6 20.Bc1 d4 21.Ba3 Be7 22.Nd2 Qd8
23.f4 Bd7 24.g3 Be8 25.h4 h6 26.Kf2 Bd6 27.Rh1 Rb6 28.Rb1 Rb7 29.h5 Bxe5
30.Qxe5 Bxh5 31.Bxc5 Rf6 32.Bd6 c5 33.Bxc5 Rd7 34.b4 axb4 35.Rxb4 Kh7 36.Qb8 Qa5
37.Qb5 Qc7 38.Bb6 Qb7 39.Rb1 e5 40.fxe5 Re6 41.a5 f4 42.g4 Bxg4 43.a6 Qc8
44.a7 Rg6 45.Rg1 Qa8 46.e6 Rxa7 47.Bxa7 Qxa7 48.Rxg4 Rxg4 49.Qf5+ Rg6 50.Nf3 Qa2+
51.Ke1 Qb1+ 52.Kd2 Qb2+ 53.Kd1 Qb1+ 54.Kd2  1/2-1/2

[Event "Rubinstein mem"]
[Site "Polanica Zdroj"]
[Date "1974.??.??"]
[Round "6"]
[White "Sznapik, Aleksander"]
[Black "Kirov, Nino"]
[Result "0-1"]
[WhiteElo "2325"]
[BlackElo "2465"]

1.e4 c5 2.Nf3 Nc6 3.Bb5 e6 4.Bxc6 bxc6 5.c4 Ne7 6.O-O Ng6 7.Nc3 Be7 8.d4 cxd4
9.Qxd4 c5 10.Qd3 O-O 11.Rd1 a6 12.Be3 Qc7 13.Rac1 d6 14.Bg5 Ne5 15.Qe3 Nxc4
16.Qe2 Nb6 17.b4 Bxg5 18.Nxg5 cxb4 19.Nd5 Qd8 20.Nxb6 Qxb6 21.e5 h6 22.Rxd6 Qb5
23.Qe4 hxg5 24.Qxa8 Bb7 25.Qa7 Qxe5 26.Qd4 Qxd4 27.Rxd4 a5 28.Rc5 Ra8 29.Rxg5 Bd5
30.Rd2 a4 31.Rg3 Rc8 32.h4 a3 33.Kh2 Rc1 34.Rg4 b3 35.axb3 Bxb3 36.Rd8+ Kh7
37.Rd7 a2 38.Rxf7 a1=Q  0-1

[Event "CSR-ch"]
[Site "Rimavska Sobota"]
[Date "1974.??.??"]
[Round "2"]
[White "Jansa, Vlastimil"]
[Black "Lanc, Alois"]
[Result "1-0"]
[WhiteElo "2535"]
[BlackElo "2200"]

1.e4 c5 2.Nf3 Nc6 3.Bb5 g6 4.O-O Bg7 5.Re1 Nf6 6.c3 O-O 7.h3 d5 8.e5 Ne8
9.d4 cxd4 10.cxd4 Bd7 11.Nc3 Nc7 12.Bf1 Rc8 13.Be3 a6 14.Rc1 b5 15.Qd2 Be8
16.g3 Ne6 17.b3 Na7 18.a3 Bc6 19.h4 Qb6 20.Bh3 Bb7 21.Ne2 Rxc1 22.Nxc1 Bc8
23.Bg2 Nc6 24.b4 Nb8 25.Nb3 Nd7 26.Ng5 Nxg5 27.Bxg5 e6 28.h5 Re8 29.Bf3 Qa7
30.Kg2 Nb6 31.Qf4 Nc4 32.Bf6 Bf8 33.Be2 Nxa3 34.Bd3 Nc4 35.Rh1 Re7 36.hxg6 fxg6
37.Bxg6 h6 38.Nc5 Qc7 39.Qg4 Bg7 40.Bd3 Kf8 41.Qg6  1-0

[Event "Rimavska Sobota"]
[Site "Rimavska Sobota"]
[Date "1974.??.??"]
[Round "5"]
[White "Novak, Ivan"]
[Black "Timoshchenko, Gennadi A"]
[Result "0-1"]
[WhiteElo "2355"]
[BlackElo "2425"]

1.e4 c5 2.Nf3 Nc6 3.Bb5 d6 4.O-O Bg4 5.h3 Bh5 6.Re1 e6 7.d3 Be7 8.Nbd2 Rc8
9.Nf1 Nf6 10.Ng3 Bg6 11.e5 Nd5 12.Ne4 O-O 13.exd6 Bxd6 14.Nxd6 Qxd6 15.Bxc6 Rxc6
16.Ne5 Rcc8 17.h4 f6 18.Nxg6 hxg6 19.Qg4 Kf7 20.h5 g5 21.Bd2 Rh8 22.Rad1 Rce8
23.g3 Qc6 24.c4 Ne7 25.b4 Rd8 26.b5 Qd6 27.Bc3 e5 28.f4 exf4 29.gxf4 gxf4
30.Re4 Qd7 31.Qf3 Qf5 32.Rxf4 Qg5+ 33.Rg4 Qh6 34.Rf1 Rd6 35.d4 Re6 36.d5 Re3
37.Qg2 Rxc3 38.d6 Qe3+  0-1

[Event "Stary Smokovec"]
[Site "Stary Smokovec"]
[Date "1974.??.??"]
[Round "9"]
[White "Novak, Ivan"]
[Black "Plachetka, Jan"]
[Result "0-1"]
[WhiteElo "2355"]
[BlackElo "2445"]

1.e4 c5 2.Nf3 Nc6 3.Bb5 g6 4.O-O Bg7 5.c3 e5 6.d4 cxd4 7.cxd4 exd4 8.Bf4 a6
9.Bd3 d6 10.Nbd2 Ne5 11.Nb3 Ne7 12.Nfxd4 O-O 13.Re1 Re8 14.Bf1 Bd7 15.Qd2 Qb6
16.Qa5 Qa7 17.Rad1 Bg4 18.Rd2 N7c6 19.Nxc6 Nxc6 20.Qg5 Be6 21.Bxd6 Rad8 22.Bc7 Rxd2
23.Qxd2 b5 24.Qd6 Rc8 25.Qxc6 Rxc7 26.Qe8+ Bf8 27.Rc1 Rxc1 28.Nxc1 Qd4 29.Nd3 Bxa2
30.Nf4 Kg7 31.g3 Bb1 32.Ne2 Qxb2 33.e5 Ba2 34.Nf4 Bc5 35.Nd3 Qd4 36.Nxc5 Qxc5
37.h4 h5 38.g4 hxg4 39.h5 gxh5 40.Bd3 g3  0-1

[Event "SWE-ch"]
[Site "?"]
[Date "1974.??.??"]
[Round "4"]
[White "Krantz, Kjell"]
[Black "Ljungdahl, John"]
[Result "1-0"]
[WhiteElo "2200"]
[BlackElo "2210"]

1.e4 c5 2.Nf3 Nc6 3.Bb5 Nf6 4.e5 Nd5 5.Nc3 Nxc3 6.dxc3 e6 7.O-O Be7 8.Re1 O-O
9.Bd3 f5 10.Qe2 b6 11.Ba6 Qc7 12.Bf4 Na5 13.b3 Bxa6 14.Qxa6 d5 15.exd6 Bxd6
16.Bxd6 Qxd6 17.Rad1 Qe7 18.Qb5 Rad8 19.b4 Nb7 20.Ne5 Rxd1 21.Rxd1 Rd8 22.Rxd8+ Qxd8
23.h3 Qe7 24.Qc6 g6 25.Qc8+ Kg7 26.Nc6 Qf7 27.Qb8 a5 28.b5 Qd7 29.Ne5 Qd1+
30.Kh2 Nd6 31.Nd7 Kh6 32.f4 g5 33.Qf8+ Kh5 34.Qg7  1-0

[Event "Trencianske Teplice"]
[Site "Trencianske Teplice"]
[Date "1974.??.??"]
[Round "13"]
[White "Novak, Ivan"]
[Black "Pavlov, Mircea"]
[Result "1/2-1/2"]
[WhiteElo "2355"]
[BlackElo "2355"]

1.e4 c5 2.Nf3 Nc6 3.Bb5 g6 4.O-O Bg7 5.Re1 e5 6.Bxc6 dxc6 7.d3 Qc7 8.Be3 b6
9.c3 Nf6 10.d4 cxd4 11.cxd4 exd4 12.Bxd4 O-O 13.Qc2 Bb7 14.Nc3  1/2-1/2

[Event "Vejle op"]
[Site "Vejle"]
[Date "1974.??.??"]
[Round "5"]
[White "Pedersen, Karl"]
[Black "Sorensen, A."]
[Result "1-0"]
[WhiteElo "2375"]
[BlackElo "2200"]

1.e4 c5 2.Nf3 Nc6 3.Bb5 g6 4.O-O Bg7 5.Re1 Nf6 6.Nc3 O-O 7.e5 Ne8 8.Bxc6 dxc6
9.d3 Nc7 10.Ne4 b6 11.Bf4 Nd5 12.Bg3 f5 13.exf6 exf6 14.c4 Ne7 15.d4 cxd4
16.Nxd4 f5 17.Nd6 f4 18.Bxf4 Rxf4 19.Nxc6 Nxc6 20.Qd5+ Kh8 21.Re8+ Qxe8 22.Nxe8 Bb7
23.Nd6 Rf5 24.Nxf5 gxf5 25.Qf7 Ba6 26.Re1 Ne5 27.Qxf5 Rf8 28.Qh5 Ng6 29.Qd5 Bxb2
30.Qd7 Bc8 31.Qc6 Be5 32.h4 Bg4 33.f3 Rc8 34.Qd5 Bg3 35.Qd4+ Kg8 36.Qxg4  1-0